| 000 | 00906nam a22002417a 4500 | ||
|---|---|---|---|
| 999 |
_c15037 _d15037 |
||
| 003 | MIRAKIL | ||
| 005 | 20221018153439.0 | ||
| 008 | 221018b tu ||||| |||| 00| 0 tur d | ||
| 020 | _a9786053600824 | ||
| 040 |
_aTR-AnCHP _cTR-AnCHP |
||
| 041 | _atur | ||
| 082 |
_a070.4092 _bS22d 2011 |
||
| 100 | _aSadun, Tanju | ||
| 245 | 1 | 0 |
_aDoludizgin : _bMilliyet’in kurucusu Ali Naci Karacan : bir gazetecinin hayatı/ _cSadun Tanju. |
| 246 | _aMilliyet’in kurucusu Ali Naci Karacan : bir gazetecinin hayatı/ | ||
| 260 |
_aİstanbul : _bTürkiye İş Bankası Kültür Yayınları, _c2011. |
||
| 300 |
_a311 s. : _bfotğ. ; _c20 sm. |
||
| 490 | 0 |
_aTürkiye İş Bankası Kültür Yayınları Genel Yayın ; _v2083. |
|
| 504 | _aDizin vardır. | ||
| 650 | 0 |
_9439 _aGazeteciler _xYaşamöyküsü |
|
| 740 | _aMilliyet’in kurucusu Ali Naci Karacan : bir gazetecinin hayatı/ | ||
| 942 |
_2ddc _cBKS |
||